000 00576nam a2200229Ia 4500
003 OSt
005 20220918180608.0
006 a|||||r|||| 00| 0
007 ta
008 220917b |||||||| |||| 00| 0 eng d
024 _a23,024
037 _cTextual
040 _aARTS
_cARTS
_beng
041 _2eng
_aeng
082 _aO:6M03w, H1
100 _aSunderland Jabez T.
_956532
245 0 _aEmerson and his friends
260 _c1941
650 _aENGLISH LITERATURE
942 _hO:6M03w, H1
_cTEXL
_2CC
999 _c162167
_d162167